الإسعافات الأولية للأطفال : (رقم التسجيلة. 74775)
[ عرض عادي ]
| 000 -LEADER | |
|---|---|
| fixed length control field | 00809nam a22002177a 4500 |
| 005 - DATE AND TIME OF LATEST TRANSACTION | |
| control field | 20251108172254.0 |
| 008 - FIXED-LENGTH DATA ELEMENTS--GENERAL INFORMATION | |
| fixed length control field | 250721s2003 xx 000 0 ara d |
| 082 14 - DEWEY DECIMAL CLASSIFICATION NUMBER | |
| Classification number | 618.92/حسي |
| 100 1# - MAIN ENTRY--PERSONAL NAME | |
| Personal name | الحسيني، أيمن |
| Relator term | تأليف |
| 245 10 - TITLE STATEMENT | |
| Title | الإسعافات الأولية للأطفال : |
| Remainder of title | كيف تسعف طفلك في الحالات الطارئة و تخفف من آلامه ؟ / |
| 264 1# - PRODUCTION, PUBLICATION, DISTRIBUTION, MANUFACTURE, AND COPYRIGHT NOTICE | |
| Place of production, publication, distribution, manufacture | القاهرة : |
| Name of producer, publisher, distributor, manufacturer | دار الطلائع للنشر، |
| Date of production, publication, distribution, manufacture, or copyright notice | 2003. |
| 300 ## - PHYSICAL DESCRIPTION | |
| Extent | 127 ص |
| 650 17 - SUBJECT ADDED ENTRY--TOPICAL TERM | |
| Topical term or geographic name as entry element | الإسعاف الأولي |
| 650 17 - SUBJECT ADDED ENTRY--TOPICAL TERM | |
| Topical term or geographic name as entry element | إجراءات الطوارئ |
| 650 17 - SUBJECT ADDED ENTRY--TOPICAL TERM | |
| Topical term or geographic name as entry element | الوقاية الصحية |
| 650 17 - SUBJECT ADDED ENTRY--TOPICAL TERM | |
| Topical term or geographic name as entry element | طب الأطفال |
| 650 17 - SUBJECT ADDED ENTRY--TOPICAL TERM | |
| Topical term or geographic name as entry element | الإجراءات الوقائية للأطفال |
| 650 17 - SUBJECT ADDED ENTRY--TOPICAL TERM | |
| Topical term or geographic name as entry element | أمراض الإسهال |
| 942 ## - ADDED ENTRY ELEMENTS (KOHA) | |
| Source of classification or shelving scheme | Dewey Decimal Classification |
| Koha item type | كتب |
| حالة السحب | حالة الفقدان | مصدر التصنيف | حالة التلف | غير قابل للإعارة | المكتبة الرئيسية | المكتبة الحالية | موقع الرف | تاريخ التزويد | الرقم المتسلسل | Total Checkouts | رقم الإستدعاء | الباركود | تاريخ آخر ظهور | تاريخ الفاتورة | نوع المادة (كوها) |
|---|---|---|---|---|---|---|---|---|---|---|---|---|---|---|---|
| Dewey Decimal Classification | المكتبة المركزية | المكتبة المركزية | الإعارة | 06/07/2004 | 605783 | 618.92/حسي | 605783 | 28/07/2025 | 06/07/2004 | كتب | |||||
| Dewey Decimal Classification | المكتبة المركزية | المكتبة المركزية | الإعارة | 28/07/2025 | 605782 | 618.92/حسي | DUP-01_605782 | 28/07/2025 | 28/07/2025 | كتب | |||||
| Dewey Decimal Classification | مكتبة الأميرة سلمى | مكتبة الأميرة سلمى | الإعارة | 28/07/2025 | 605785 | 618.92/حسي | 605785 | 28/07/2025 | 28/07/2025 | كتب |